| Tag |
First Indicator |
Second Indicator |
Subfields |
| LEADER |
00000nam a2200000 4500 |
| 001 |
in00004282829 |
| 005 |
20200813080347.0 |
| 006 |
m g d |
| 007 |
cr bn |||a|bb| |
| 008 |
940126s1649 enk o 00| | eng d |
| 035 |
|
|
|a (UnM)99865224
|
| 037 |
|
|
|a CL0051000003
|b ProQuest Information and Learning. 300 N. Zeeb Rd., Ann Arbor, MI 48106
|
| 040 |
|
|
|a Cu-RivES
|c Cu-RivES
|d CStRLIN
|e dcrb
|d WaOLN
|
| 100 |
1 |
|
|a Guerdon, Aaron.
|
| 245 |
1 |
2 |
|a A most learned, conscientious, and devout-exercise; :
|b held forth the last Lords-day, at Sir Peter Temples, in Lincolnes-Inne-Fields; /
|c by Lieut.-General Crumwell. As it was faithfully taken in characters by Aaron Guerdon.
|
| 260 |
|
|
|a London :
|b [publisher not identified],
|c Printed in the yeere 1649.
|
| 300 |
|
|
|a 1 online resource ([2], 14 pages)
|
| 336 |
|
|
|a text
|b txt
|2 rdacontent
|
| 337 |
|
|
|a computer
|b c
|2 rdamedia
|
| 338 |
|
|
|a online resource
|b cr
|2 rdacarrier
|
| 500 |
|
|
|a A satire, not in fact by Oliver Cromwell.
|
| 500 |
|
|
|a Aaron Guerdon is a pseudonym.
|
| 500 |
|
|
|a Annotation on Thomason copy: "June 25th".
|
| 500 |
|
|
|a Reproduction of the original in the British Library.
|
| 510 |
4 |
|
|a Wing (2nd edition, 1994)
|c C7117A.
|
| 510 |
4 |
|
|a Thomason
|c E.561[10].
|
| 533 |
|
|
|a Electronic reproduction.
|b Ann Arbor, Mich. :
|c UMI,
|d 1999-
|f (Early English books online)
|n Digital version of: (Thomason Tracts ; 86:E561[10])
|7 s1999 miun s
|
| 600 |
1 |
0 |
|a Cromwell, Oliver,
|d 1599-1658
|x Humor
|v Early works to 1800.
|
| 650 |
|
0 |
|a Political satire, English
|y 17th century.
|
| 651 |
|
4 |
|a Great Britain
|x Politics and government
|y 1642-1649
|x Humor
|v Early works to 1800.
|
| 700 |
1 |
|
|a Cromwell, Oliver,
|d 1599-1658,
|e attributed name.
|
| 830 |
|
0 |
|a Early English books online.
|
| 856 |
4 |
0 |
|u http://proxy.library.tamu.edu/login?url=https://search.proquest.com/docview/2240912055
|z Connect to the full text of this electronic book
|t 0
|
| 999 |
f |
f |
|s af9976a2-6104-3718-a9b1-5af217a67322
|i 8d52ad9a-36a5-3676-aa82-adffaf6ed980
|t 0
|
| 952 |
f |
f |
|a Texas A&M University
|b College Station
|c Electronic Resources
|d Available Online
|t 0
|h No information provided
|
| 998 |
f |
f |
|t 0
|l Available Online
|